| 000 | 00456nam a2200169Ia 4500 | ||
|---|---|---|---|
| 008 | 230917s9999||||xx |||||||||||||| ||und|| | ||
| 020 | _cRS445 | ||
| 040 |
_e248610 _aMAIN |
||
| 041 | _aEnglish | ||
| 082 | _a588 A11T | ||
| 100 | _aAlam, Afroz | ||
| 245 | 0 | _aTextbook of bryophyta | |
| 260 |
_aNew Delhi _bI K International Publishing House _c2015 |
||
| 300 | _axvi, 434 p. | ||
| 500 | _a3176 17/07/2018 RBP18/71784 30/07/2018 Main Budget | ||
| 942 | _cBK | ||
| 999 |
_c27253 _d27253 |
||